1511 1325 1913 1159 1065 1934 1188 1350 1186 1019 1377 1933 1806 1396 1953 1636 1313 1772 1733 1211 1068 1144 1825 1849 1449 1392 1852 1871 1595 1453 1563 1010 1049 1101 1713 1582 1458 1038 1220 1294 1756 1495 1011 1264 1632 1153 1806 1071 1946 1639 1486 1439 1947 1228 1365 1836 1209 1728 1697 1828 1709 1524 1144 1370 1769 1749 1230 1199 1666 1344 1950 1151 1511 1380 1871 1537 1188 1093 1656 1423 1474 1679 1359 1882 1306 1054 1406 1415 1084 1126 1001 1534 1724 1522 1091 1805 1116 1269 1363 BCNSPRNW ULIB Ver.6.0+V

เปลี่ยนเป็นภาษาไทย

Change to English
 แสดงรายละเอียดบรรณานุกรม
  กลับหน้าหลัก

Brief Record : Get Marc (ISO 2709) : E-mail record : QR code < ปิดหน้าต่าง
LEADER : 00000nam 2200000uu 4500
001    13399112091
003     ULIB
008    110726s2548||||th 000 0 tha d
050  4 HA36^bก351ก 2552>
245 00 การสำรวจค่าใช้จ่ายและบุคลากรทางการวิจัยและพัฒนาของประเทศไทยปี ...2552 =^bNational survey on R&D expenditure and personnel of Thailand /^cกองนโยบายและวางแผนการวิจัย สำนักงานคณะกรรมการวิจัยแห่งชาติ กระทรวงวิทยาศาสตร์ เทคโนโลยีและสิ่งแวดล้อม
246 31 National survey on R&D expenditure and personnel ofThailand
260    [กรุงเทพฯ] :^bโรงพิมพ์ชุมนุมสหกรณ์การเกษตรแห่งประเทศไทย,^c[2543?]-<2548>
300     144 หน้า ;^c29 ซม. +^eซีดีรอม 1 แผ่น
500    ปีที่พิมพ์ในเลขเรียกหนังสือเป็นปีที่ปรากฏบนหน้าปกใน
500    ข้อมูลส่วนใหญ่เป็นตาราง
591    LIPT มีปี 2552
650  4 นักวิจัย^zไทย^xค่าใช้จ่าย^vการสำรวจ
650  4 นักวิจัย^zไทย^xค่าใช้จ่าย^vสถิติ
740 02 2009 National survey on R&D expenditure and personnel ofThailand
945    ^p0^l0^i027770
945    ^p0^l0^i027785
995    ทศพร
999 ^a ทศพร
รายการนี้ยังไม่มีแท็ก
คุณยังไม่ได้ล็อกอิน คุณสามารถมีกิจกรรมร่วมกับเว็บไซต์ได้ แต่ต้องล็อกอินก่อน ::
  ล็อกอิน

รายการสื่อสารสนเทศ

ลำดับที่ ประเภท เลขเรียก/บาร์โค้ด สถานที่ สถานะ
- ไม่พบข้อมูล -

BibComment


ยังไม่เคยถูกคอมเมนท์

คอมเมนท์ทรัพยากรรายการนี้
  คอมเมนท์: การสำรวจค่าใช้จ่า..


 Copyright 2026. Bcnsprnw @Library